All Transcontinental countries - Statistics

General Stats
  • This quiz has been taken 66 times
  • The average score is 21 of 27
Answer Stats
Countries % Correct
Russia
100%
Turkey
98%
United Kingdom
98%
Egypt
91%
France
91%
United States
91%
Australia
89%
Denmark
88%
Spain
88%
Portugal
82%
Argentina
81%
Indonesia
79%
Norway
79%
Chile
77%
New Zealand
77%
Georgia
75%
Netherlands
72%
Japan
70%
Kazakhstan
70%
Panama
70%
Azerbaijan
67%
Italy
67%
Greece
61%
Colombia
58%
Venezuela
54%
Yemen
54%
Ecuador
49%
No matching quizzes found
Score Distribution
Percent of People with Each Score
Percentile by Number Answered
Your Score History
You have not taken this quiz